Library Banner

The fundamentals of landscape architecture / (Record no. 104192)

MARC details
000 -LEADER
fixed length control field 00646cam a2200217 i 4500
001 - CONTROL NUMBER
control field 18293572
005 - DATE AND TIME OF LATEST TRANSACTION
control field 20180418111116.0
008 - FIXED-LENGTH DATA ELEMENTS--GENERAL INFORMATION
fixed length control field 140908s2015 nyua b 001 0 eng
020 ## - INTERNATIONAL STANDARD BOOK NUMBER
International Standard Book Number 9781472531445 (pb. : alk. paper)
040 ## - CATALOGING SOURCE
Transcribing agency PK-LaUMT
082 00 - DEWEY DECIMAL CLASSIFICATION NUMBER
Classification number 712
Edition number 23
Item number WAT-F
100 1# - MAIN ENTRY--PERSONAL NAME
Personal name Waterman, Tim
245 14 - TITLE STATEMENT
Title The fundamentals of landscape architecture /
Statement of responsibility, etc Tim Waterman
250 ## - EDITION STATEMENT
Edition statement 2nd ed.
260 ## - PUBLICATION, DISTRIBUTION, ETC. (IMPRINT)
Place of publication, distribution, etc London :
Name of publisher, distributor, etc Fairchild Books,
Date of publication, distribution, etc 2015
300 ## - PHYSICAL DESCRIPTION
Extent 192 p. :
Other physical details illustrations (chiefly color) ;
Dimensions 23 cm.
490 0# - SERIES STATEMENT
Series statement Fundamentals
650 #0 - SUBJECT ADDED ENTRY--TOPICAL TERM
Topical term or geographic name as entry element Landscape architecture.
650 #0 - SUBJECT ADDED ENTRY--TOPICAL TERM
Topical term or geographic name as entry element Landscape architecture
General subdivision History.
942 ## - ADDED ENTRY ELEMENTS (KOHA)
Koha item type Books
Holdings
Withdrawn status Lost status Damaged status Home library Current library Date acquired Full call number Barcode Date last seen Price effective from Koha item type
      UMT Main Campus UMT Main Campus 2018-04-07 712 WAT-F 120619 2025-03-04 2018-04-07 Books